| 000 | 03115nam0a2200433 4500 | ||
|---|---|---|---|
| 001 | RU\NLR\BIBL_A\011542106 | ||
| 005 | 20250630155423.0 | ||
| 020 |
_aRU _b10427 _9Сводный каталог листовок первых лет Советской власти (25 октября (7 ноября) 1917 - 1925) Т.4 (Ч.2). Листовки советских, партийных, профсоюзных, комсомольских и других организаций губерний РСФСР |
||
| 035 | _a(NLR Aleph) 011542106 | ||
| 090 |
_a12200829 _c12200829 |
||
| 100 | _a20171129d1919 |||y0rusy50 ca | ||
| 101 | 0 | _arus | |
| 102 | _aRU | ||
| 105 | _ay z 000zy | ||
| 135 | _acrcn 024anaba | ||
| 200 | 1 |
_aОбъявление. "Настоящим объявляется, что мобилизация служащих учреждений, заведений, предприятий и организаций, назначенная на 20 июля, временно приостанавливается ..." _e[листовка _fРаненбургский уезд. комиссариат по военным делам] |
|
| 210 |
_aРаненбург _cтип. Раненб. уезд. комис. просвещения _d[1919, июль] |
||
| 215 |
_a1 с. _d19x15 |
||
| 300 | _aПодписи: раненбургский уезд. военный комиссар Ветков; раненбургский уездный военный руководитель Попов | ||
| 325 | _aКопия доступна в Электрон. б-ке РНБ | ||
| 517 | 1 | _aНастоящим объявляется, что мобилизация служащих учреждений, заведений, предприятий и организаций, назначенная на 20 июля, временно приостанавливается ... | |
| 607 |
_aРСФСР _jЛистовки _xПолитика и управление _y1917 - 1925 _92312782 _3RU\NLR\auth\6601609564 |
||
| 686 | 0 | _aТ3(2)71-313,011 | |
| 686 | 1 | _aЦ35(2)712,011 | |
| 702 | 1 |
_4720 _aВетков _cучастник гражданской войны _cуездный военный комиссар, Раненбург _9187653 _3RU\NLR\AUTH\770187704 |
|
| 702 | 1 |
_4720 _aПопов _cучастник гражданской войны _cуездный военный руководитель, г.Раненбург _9187659 _3RU\NLR\AUTH\770187710 |
|
| 711 | 0 | 2 |
_aРаненбургский уездный комиссариат по военным делам _9582217 _3RU\NLR\AUTH\880459720 |
| 852 | 0 | 0 |
_aNLR _bФЛ _j48/76 |
| 856 | 0 | _uhttps://vivaldi.nlr.ru/ll000000285/view | |
| 856 | 1 | _uhttps://vivaldi.nlr.ru/ll000000285/cover | |
| 856 | 2 | _uhttps://vivaldi.nlr.ru/ll000000285/text | |
| 942 | _cBOOK | ||
| 980 | _aNB | ||
| 981 | 2 | 1 |
_a(21) Листовки _b(21) Листовки 1919 года |